Practical manual of land development

Bibliographic Details
Main Author: Colley, Barbara C.
Format: Book
Published: New York : McGraw-Hill Inc. , 2005
Edition:4th ed.
Subjects:

MARC

LEADER 00000cam a2200000 7i4500
001 0000018598
005 20070124.0
020 |a 0071448667 
040 |a INS 
090 0 0 |a TA151.   |b C65 2005 
100 1 |a Colley, Barbara C. 
245 1 0 |a Practical manual of land development   |c Barbara C. Colley 
250 |a 4th ed. 
260 |a New York :   |b McGraw-Hill Inc. ,   |c 2005 
300 |a xvii,345 p :   |b ill. ;   |c 24 cm. 
500 |a Mengandungi index 
650 0 0 |a Building sites   |x Handbooks. manual, etc. 
650 0 0 |a City planning   |x Handbooks, manual, etc. 
650 0 0 |a Civil engineering   |x Handbooks, manual, etc. 
999 |a 0000018021   |b BOOK   |c Open Shelf   |e Default branch 
999 |a 0000018040   |b BOOK   |c Open Shelf   |e Default branch